| 000 | 01213cam a2200301 a 4500 | ||
|---|---|---|---|
| 001 | 4224345 | ||
| 003 | NUST-PNEC | ||
| 005 | 20170116180719.0 | ||
| 008 | 820917s1983 nyua be 001 0 eng | ||
| 010 | _a 82018663 | ||
| 020 | _a0070454868 : | ||
| 040 |
_aDLC _cPNEC _dDLC |
||
| 050 | 0 | 0 |
_aTA9 _b.M36 1983 |
| 082 | 0 | 0 |
_a620.00321 PAR _219 |
| 100 |
_9795 _aParker Sybil P. |
||
| 245 | 0 | 0 |
_aMcGraw-Hill encyclopedia of engineering / _cSybil P. Parker, editor in chief. |
| 260 |
_aNew York : _bMcGraw-Hill, _cc1983. |
||
| 300 |
_aviii, 1264 p. : _bill. ; _c29 cm. |
||
| 500 | _ahttp://www.amazon.com/McGraw-Hill-Encyclopedia-Engineering-Sybil-Parker/dp/0070454868/ref=sr_1_1?s=books&ie=UTF8&qid=1414126369&sr=1-1&keywords=0070454868 | ||
| 500 | _a"All of the material in this volume has been published previously in the McGraw-Hill encyclopedia of science & technology, fifth edition"--T.p. verso. | ||
| 504 | _aIncludes bibliographies and index. | ||
| 650 | 0 |
_aEngineering _xEncyclopedias. |
|
| 700 | 1 | _aParker, Sybil P. | |
| 710 | 2 | _aMcGraw-Hill Book Company. | |
| 730 | _aMcGraw-Hill encyclopedia of science & technology. | ||
| 906 |
_a7 _bcbc _corignew _d1 _eocip _f19 _gy-gencatlg |
||
| 942 |
_2ddc _cBK |
||
| 999 |
_c61296 _d61296 |
||